2026/27 Squadre di Serie A - Statistics

Statistiche generali
  • Questo quiz è stato fatto 37 volte
  • Il punteggio medio è 15 su 18
Statistiche sulle risposte
Teams % Corretto
AC Milan
97%
Inter Milan
97%
Juventus FC
97%
AS Roma
94%
ACF Fiorentina
91%
SSC Napoli
91%
Torino FC
91%
Atalanta BC
89%
SS Lazio
89%
US Sassuolo Calcio
89%
Bologna FC 1909
86%
Udinese Calcio
83%
Venezia FC
83%
Genoa CFC
80%
Como 1907
74%
Cagliari Calcio
71%
Frosinone Calcio
69%
Parma Calcio 1913
60%
Nessun quiz corrispondente trovato
Distribuzione punteggi
Percentuale di utenti per punteggio
Percentile per numero di risposta
I tuoi punteggi nel tempo
Non hai fatto questo quiz